[Event "ESP chT Honor Division 2019"]
[Site "Melilla"]
[Date "2019.10.02"]
[Round "3.1"]
[White "Rakhmanov, Aleksandr"]
[Black "Abasov, Nijat"]
[Result "1/2-1/2"]
[WhiteElo "2621"]
[BlackElo "2632"]
[Annotator "RC"]
[PlyCount "60"]
[EventDate "2019.09.30"]
[EventType "team-tourn"]
[EventCountry "ESP"]
[SourceTitle "playchess.com"]
[Source "ChessBase"]
[SourceQuality "1"]
[TimeControl "40/5400+30:1800+30"]

1. c4 {[%emt 0:00:00]} c5 {[%emt 0:00:52]} 2. Nc3 {[%emt 0:00:00]} Nc6 {[%emt 0:00:08]} 3. g3 {[%emt 0:00:03]} g6 {[%emt 0:00:10]} 4. Bg2 {[%emt 0:00:04]} Bg7 {[%emt 0:00:13]} 5. b3 {[%emt 0:00:39]} Nf6 {[%emt 0:00:17]} 6. Bb2 {[%emt 0:01:40]} O-O {[%emt 0:00:12]} 7. d3 {[%emt 0:13:28]} a6 {[%emt 0:10:24]} 8. Qd2 {[%emt 0:03:29]} Rb8 {[%emt 0:01:06]} 9. e3 {[%emt 0:02:08]} b5 {[%emt 0:01:05]} 10. Nge2 {[%emt 0:00:48]} Qa5 {[%emt 0:05:56]} 11. O-O {[%emt 0:07:56]} Bb7 {[%emt 0:00:34]} 12. Rad1 {[%emt 0:07:55]} Rfd8 {[%emt 0:13:00]} 13. Nd5 {[%emt 0:09:06]} Qxd2 {[%emt 0:03:34]} 14. Rxd2 {[%emt 0:01:50]} Ne8 {[%emt 0:05:12]} 15. Bxg7 {[%emt 0:08:54]} Kxg7 {[%emt 0:01:16]} 16. Rc1 {[%emt 0:02:18]} d6 {[%emt 0:03:29]} 17. h4 {[%emt 0:02:21]} e6 {[%emt 0:05:27]} 18. Ndf4 {[%emt 0:01:20]} Na5 {[%emt 0:00:25]} 19. Nc3 {[%emt 0:01:07]} Bxg2 {[%emt 0:00:55]} 20. Kxg2 {[%emt 0:00:29]} Nf6 {[%emt 0:00:32]} 21. Kf3 {[%emt 0:06:29]} h5 {[%emt 0:08:33]} 22. Kg2 {[%emt 0:03:09]} Kf8 {[%emt 0:02:30]} 23. Rdc2 {[%emt 0:02:51]} Ke7 {[%emt 0:04:39]} 24. Nce2 {[%emt 0:00:33]} Rd7 {[%emt 0:03:49]} 25. Rd2 {[%emt 0:04:38]} Rdb7 {[%emt 0:03:05]} 26. Rdc2 {[%emt 0:01:22]} Rd7 {[%emt 0:00:37]} 27. Rd2 {[%emt 0:00:06]} Rdb7 {[%emt 0:00:10]} 28. Rdc2 {[%emt 0:01:53]} Rd7 {[%emt 0:01:41]} 29. Rd2 {[%emt 0:00:03]} Rdb7 {[%emt 0:00:05]} 30. Rdc2 {[%emt 0:00:05]} Rd7 {[%emt 0:00:08]} 1/2-1/2

[Event "ESP chT Honor Division 2019"]
[Site "Melilla"]
[Date "2019.10.02"]
[Round "3.2"]
[White "Idani, Pouya"]
[Black "Peralta, Fernando"]
[Result "1/2-1/2"]
[WhiteElo "2568"]
[BlackElo "2569"]
[Annotator "TA"]
[PlyCount "70"]
[EventDate "2019.09.30"]
[EventType "team-tourn"]
[EventCountry "ESP"]
[SourceTitle "playchess.com"]
[Source "ChessBase"]
[SourceQuality "1"]

{[%evp 15,70,34,25,32,36,37,36,40,40,42,42,12,25,20,9,12,10,16,10,6,9,0,16,15,23,18,25,25,24,25,31,31,31,31,31,31,25,0,0,0,20,16,19,19,35,25,37,0,0,0,0,0,0,0,0,0,0]} 1. e4 e6 ({Predecessor:} 1... c6 2. d4 d5 3. e5 c5 4. dxc5 Nc6 5. Nf3 e6 6. Nbd2 Bxc5 7. Nb3 Bb6 8. Bd3 Nge7 9. O-O Ng6 10. Re1 Bd7 {1-0 (41) Kharchenko,B (2495)-Duzhakov,I (2341) Voronezh 2013}) 2. d4 d5 3. e5 c5 4. c3 Nc6 5. Nf3 Bd7 6. Be2 Nge7 7. O-O Nf5 8. dxc5 Bxc5 9. Bd3 {C02: French: Advance Variation} Nh4 {Black wants to play ...Nxf3+.} 10. Nbd2 Ng6 11. Nb3 {White is slightly better.} Bb6 12. Re1 $146 (12. Qe2 O-O 13. Be3 Bc7 14. Bg5 Qe8 15. Bxg6 fxg6 16. Nbd4 {½-½ (16) Maghsoodloo,P (2679)-L'Ami,E (2643) Wijk aan Zee 2019}) 12... O-O 13. Be3 Bc7 14. Bxg6 fxg6 15. Bc5 Rf5 {[%cal Rc6e5]} 16. Nbd4 Nxd4 17. cxd4 a5 18. Rc1 Bc6 19. a4 g5 20. h3 Rf4 21. b3 h6 22. Re3 Qe8 23. Ne1 Qg6 24. Nd3 Rf7 25. Qe2 Bd8 26. Rf3 Be8 27. Bd6 Bb6 28. Nc5 Rxf3 29. Qxf3 Bc6 30. Qg4 $36 {[%mdl 2048] White has good play.} Re8 31. h4 (31. Rc3 {keeps more tension.} Kh7 32. Kh2 Qf7 33. h4 gxh4 34. Rf3) 31... Bxc5 {The position is equal.} 32. Bxc5 Qe4 33. Qxe4 dxe4 34. hxg5 hxg5 35. Bb6 Ra8 {Accuracy: White = 79%, Black = 80%.} 1/2-1/2

[Event "ESP chT Honor Division 2019"]
[Site "Melilla"]
[Date "2019.10.02"]
[Round "3.3"]
[White "Korneev, Oleg"]
[Black "Pap, Misa"]
[Result "1-0"]
[WhiteElo "2504"]
[BlackElo "2432"]
[Annotator "ChessBase"]
[PlyCount "77"]
[EventDate "2019.09.30"]
[EventType "team-tourn"]
[EventCountry "ESP"]
[SourceTitle "playchess.com"]
[Source "ChessBase"]
[SourceQuality "1"]
[TimeControl "40/5400+30:1800+30"]

1. e4 {[%emt 0:00:00]} e5 {[%emt 0:00:00]} 2. Nf3 {[%emt 0:00:00]} Nf6 {[%emt 0:00:12]} 3. d4 {[%emt 0:00:00]} Nxe4 {[%emt 0:00:15]} 4. Bd3 {[%emt 0:03:38]} d5 {[%emt 0:00:06]} 5. Nxe5 {[%emt 0:00:50]} Nd7 {[%emt 0:00:04]} 6. Nc3 {[%emt 0:02:21]} Nxe5 {[%emt 0:00:08]} 7. dxe5 {[%emt 0:00:04]} Bb4 {[%emt 0:00:05]} 8. O-O {[%emt 0:00:48]} Nxc3 {[%emt 0:01:06]} 9. bxc3 {[%emt 0:01:04]} Bxc3 {[%emt 0:00:03]} 10. Rb1 {[%emt 0:00:26]} O-O {[%emt 0:00:18]} 11. Bxh7+ {[%emt 0:01:13]} Kxh7 {[%emt 0:00:12]} 12. Qd3+ {[%emt 0:00:02]} Kg8 {[%emt 0:00:07]} 13. Qxc3 {[%emt 0:00:04]} b6 {[%emt 0:06:42]} 14. Qg3 {[%emt 0:36:11]} Bf5 {[%emt 0:11:18]} 15. Rb3 {[%emt 0:10:36]} Qd7 {[%emt 0:08:35]} 16. Bg5 {[%emt 0:04:40]} Qa4 {[%emt 0:23:28]} 17. f4 {[%emt 0:13:33]} Qd4+ {[%emt 0:00:49]} 18. Re3 {[%emt 0:06:48]} Rfe8 {[%emt 0:12:31]} 19. Bf6 {[%emt 0:02:29]} Bg6 {[%emt 0:00:20]} 20. c3 {[%emt 0:07:02]} Qc5 {[%emt 0:00:25]} 21. Bxg7 {[%emt 0:01:51]} Kxg7 {[%emt 0:00:17]} 22. f5 {[%emt 0:00:03]} Rh8 {[%emt 0:07:39]} 23. fxg6 {[%emt 0:00:07]} fxg6 {[%emt 0:00:23]} 24. e6 {[%emt 0:00:54]} Rhf8 {[%emt 0:03:01]} 25. Qe5+ {[%emt 0:00:30]} Kg8 {[%emt 0:01:12]} 26. e7 {[%emt 0:01:38]} Rxf1+ {[%emt 0:00:44]} 27. Kxf1 {[%emt 0:00:02]} Re8 {[%emt 0:01:40]} 28. Qe6+ {[%emt 0:01:43]} Kg7 {[%emt 0:00:23]} 29. Qe5+ {[%emt 0:00:04]} Kg8 {[%emt 0:00:10]} 30. Qf6 {[%emt 0:01:25]} Qb5+ {[%emt 0:03:30]} 31. Kf2 {[%emt 0:00:04]} Qb2+ {[%emt 0:00:42]} 32. Kg3 {[%emt 0:00:47]} Qb1 {[%emt 0:00:46]} 33. Qe6+ {[%emt 0:00:08]} Kg7 {[%emt 0:00:25]} 34. Rf3 {[%emt 0:00:43]} Qe4 {[%emt 0:00:33]} 35. Qf7+ {[%emt 0:01:39]} Kh6 {[%emt 0:00:07]} 36. Qxe8 {[%emt 0:00:43]} Qe1+ {[%emt 0:00:32]} 37. Kh3 {[%emt 0:00:23]} Qe6+ {[%emt 0:00:39]} 38. g4 {[%emt 0:00:16]} Kg5 {[%emt 0:00:05]} 39. Rf5+ {[%emt 0:01:29]} 1-0

[Event "ESP chT Honor Division 2019"]
[Site "Melilla"]
[Date "2019.10.02"]
[Round "3.4"]
[White "Suarez Real, Alberto"]
[Black "Asis Gargatagli, Hipolito"]
[Result "1/2-1/2"]
[WhiteElo "2460"]
[BlackElo "2511"]
[Annotator "ChessBase"]
[PlyCount "60"]
[EventDate "2019.09.30"]
[EventType "team-tourn"]
[EventCountry "ESP"]
[SourceTitle "playchess.com"]
[Source "ChessBase"]
[SourceQuality "1"]
[TimeControl "40/5400+30:1800+30"]

1. e4 {[%emt 0:00:00]} e5 {[%emt 0:00:00]} 2. Nf3 {[%emt 0:00:00]} Nc6 {[%emt 0:00:00]} 3. Nc3 {[%emt 0:00:31]} Nf6 {[%emt 0:00:00]} 4. d4 {[%emt 0:00:30]} exd4 {[%emt 0:00:09]} 5. Nxd4 {[%emt 0:00:07]} Bb4 {[%emt 0:00:15]} 6. Nxc6 {[%emt 0:00:18]} bxc6 {[%emt 0:00:07]} 7. Bd3 {[%emt 0:00:07]} d5 {[%emt 0:00:44]} 8. exd5 {[%emt 0:00:20]} O-O {[%emt 0:00:07]} 9. O-O {[%emt 0:00:12]} Bg4 {[%emt 0:00:14]} 10. f3 {[%emt 0:30:47]} Bh5 {[%emt 0:00:34]} 11. dxc6 {[%emt 0:01:07]} Qd4+ {[%emt 0:00:12]} 12. Kh1 {[%emt 0:00:49]} Bxc3 {[%emt 0:00:15]} 13. bxc3 {[%emt 0:00:07]} Qxc3 {[%emt 0:00:05]} 14. Rb1 {[%emt 0:10:46]} Bg6 {[%emt 0:00:10]} 15. Bb2 {[%emt 0:06:38]} Qxc6 {[%emt 0:01:29]} 16. Qd2 {[%emt 0:02:50]} Rfd8 {[%emt 0:11:00]} 17. Qf4 {[%emt 0:14:04]} Bxd3 {[%emt 0:39:17]} 18. cxd3 {[%emt 0:00:07]} Rxd3 {[%emt 0:02:18]} 19. Rbc1 {[%emt 0:07:54]} Qb6 {[%emt 0:01:49]} 20. Bxf6 {[%emt 0:02:01]} Qxf6 {[%emt 0:00:21]} 21. Qxf6 {[%emt 0:09:58]} gxf6 {[%emt 0:00:12]} 22. Rxc7 {[%emt 0:00:04]} Rd2 {[%emt 0:06:21]} 23. Ra1 {[%emt 0:00:28]} Re8 {[%emt 0:07:12]} 24. Rxa7 {[%emt 0:01:41]} Ree2 {[%emt 0:00:04]} 25. a4 {[%emt 0:01:37]} Rxg2 {[%emt 0:01:22]} 26. Rg1 {[%emt 0:00:11]} Rxg1+ {[%emt 0:00:16]} 27. Kxg1 {[%emt 0:00:02]} Ra2 {[%emt 0:00:18]} 28. a5 {[%emt 0:01:08]} Kg7 {[%emt 0:00:49]} 29. a6 {[%emt 0:01:07]} Kg6 {[%emt 0:00:35]} 30. Kh1 {[%emt 0:02:58]} h5 {[%emt 0:00:36]} 1/2-1/2

[Event "ESP chT Honor Division 2019"]
[Site "Melilla"]
[Date "2019.10.02"]
[Round "3.5"]
[White "Moskalenko, Viktor"]
[Black "Ortega Hermida, Daniel"]
[Result "1-0"]
[WhiteElo "2475"]
[BlackElo "2341"]
[Annotator "ChessBase"]
[PlyCount "79"]
[EventDate "2019.09.30"]
[EventType "team-tourn"]
[EventCountry "ESP"]
[SourceTitle "playchess.com"]
[Source "ChessBase"]
[SourceQuality "1"]
[TimeControl "40/5400+30:1800+30"]

1. d4 {[%emt 0:00:00]} Nf6 {[%emt 0:01:00]} 2. c4 {[%emt 0:00:03]} e6 {[%emt 0:00:11]} 3. Nc3 {[%emt 0:00:50]} Bb4 {[%emt 0:00:24]} 4. a3 {[%emt 0:03:47]} Bxc3+ {[%emt 0:00:30]} 5. bxc3 {[%emt 0:00:02]} c5 {[%emt 0:01:00]} 6. e3 {[%emt 0:01:00]} b6 {[%emt 0:03:04]} 7. Bd3 {[%emt 0:00:28]} Bb7 {[%emt 0:00:07]} 8. f3 {[%emt 0:01:49]} O-O {[%emt 0:01:15]} 9. Ne2 {[%emt 0:00:18]} Nc6 {[%emt 0:01:10]} 10. e4 {[%emt 0:01:20]} Ne8 {[%emt 0:01:17]} 11. Be3 {[%emt 0:07:23]} d6 {[%emt 0:05:22]} 12. O-O {[%emt 0:21:18]} Na5 {[%emt 0:11:17]} 13. Ng3 {[%emt 0:00:44]} Qd7 {[%emt 0:07:58]} 14. Qe2 {[%emt 0:17:39]} Ba6 {[%emt 0:09:07]} 15. e5 {[%emt 0:10:44]} Rc8 {[%emt 0:12:05]} 16. dxc5 {[%emt 0:10:48]} bxc5 {[%emt 0:06:08]} 17. Rfd1 {[%emt 0:04:08]} Qe7 {[%emt 0:07:01]} 18. f4 {[%emt 0:06:01]} f5 {[%emt 0:02:37]} 19. exf6 {[%emt 0:00:24]} Nxf6 {[%emt 0:00:14]} 20. Bf2 {[%emt 0:00:52]} Qf7 {[%emt 0:07:46]} 21. Ne4 {[%emt 0:03:32]} Nxe4 {[%emt 0:03:02]} 22. Qxe4 {[%emt 0:00:02]} g6 {[%emt 0:00:11]} 23. Bg3 {[%emt 0:01:19]} Rcd8 {[%emt 0:08:27]} 24. Qe2 {[%emt 0:03:27]} Rfe8 {[%emt 0:02:33]} 25. Rab1 {[%emt 0:01:26]} Rc8 {[%emt 0:02:53]} 26. h3 {[%emt 0:00:52]} Qf6 {[%emt 0:00:35]} 27. Kh1 {[%emt 0:00:51]} Kf7 {[%emt 0:00:35]} 28. Qc2 {[%emt 0:00:38]} Bxc4 {[%emt 0:02:06]} 29. Qa4 {[%emt 0:00:10]} Bxd3 {[%emt 0:02:54]} 30. Rxd3 {[%emt 0:00:02]} c4 {[%emt 0:01:39]} 31. Rxd6 {[%emt 0:01:07]} Nb3 {[%emt 0:00:08]} 32. Qxa7+ {[%emt 0:01:17]} Kg8 {[%emt 0:00:05]} 33. Qe3 {[%emt 0:00:50]} Nc5 {[%emt 0:00:31]} 34. Rbb6 {[%emt 0:00:45]} Qf5 {[%emt 0:00:33]} 35. Rd4 {[%emt 0:00:46]} Nd3 {[%emt 0:00:32]} 36. Rb7 {[%emt 0:00:16]} e5 {[%emt 0:01:03]} 37. fxe5 {[%emt 0:00:43]} Nxe5 {[%emt 0:00:17]} 38. Re4 {[%emt 0:00:34]} Rc5 {[%emt 0:00:34]} 39. Qxc5 {[%emt 0:00:40]} Qxe4 {[%emt 0:00:10]} 40. Qc7 1-0

[Event "ESP chT Honor Division 2019"]
[Site "Melilla"]
[Date "2019.10.02"]
[Round "3.6"]
[White "Vega Gutierrez, Belinda"]
[Black "Milliet, Sophie"]
[Result "0-1"]
[WhiteElo "2152"]
[BlackElo "2400"]
[Annotator "NA"]
[PlyCount "86"]
[EventDate "2019.09.30"]
[EventType "team-tourn"]
[EventCountry "ESP"]
[SourceTitle "playchess.com"]
[Source "ChessBase"]
[SourceQuality "1"]
[TimeControl "40/5400+30:1800+30"]

1. e4 {[%emt 0:00:05]} c5 {[%emt 0:00:00]} 2. Nf3 {[%emt 0:00:19]} d6 {[%emt 0:00:00]} 3. d4 {[%emt 0:01:02]} cxd4 {[%emt 0:00:00]} 4. Nxd4 {[%emt 0:00:05]} Nf6 {[%emt 0:00:00]} 5. Nc3 {[%emt 0:01:06]} a6 {[%emt 0:00:00]} 6. Bd3 {[%emt 0:00:55]} Nbd7 {[%emt 0:01:57]} 7. Be3 {[%emt 0:02:30]} g6 {[%emt 0:06:52]} 8. h3 {[%emt 0:03:13]} Bg7 {[%emt 0:00:31]} 9. Qd2 {[%emt 0:00:44]} Nc5 {[%emt 0:08:30]} 10. O-O {[%emt 0:02:37]} O-O {[%emt 0:04:31]} 11. Nf3 {[%emt 0:08:46]} Nxd3 {[%emt 0:02:13]} 12. Qxd3 {[%emt 0:01:38]} b5 {[%emt 0:09:24]} 13. Bd4 {[%emt 0:08:16]} e5 {[%emt 0:10:58]} 14. Be3 {[%emt 0:00:10]} b4 {[%emt 0:00:17]} 15. Nd5 {[%emt 0:06:29]} Nxd5 {[%emt 0:00:05]} 16. Qxd5 {[%emt 0:00:06]} Be6 {[%emt 0:00:20]} 17. Qd2 {[%emt 0:00:09]} Qc7 {[%emt 0:03:08]} 18. Rfc1 {[%emt 0:08:22]} a5 {[%emt 0:12:26]} 19. c4 {[%emt 0:04:08]} Rad8 {[%emt 0:03:50]} 20. b3 {[%emt 0:05:11]} Qb7 {[%emt 0:00:50]} 21. Qc2 {[%emt 0:02:43]} Bd7 {[%emt 0:04:04]} 22. Nd2 {[%emt 0:03:41]} Bc6 {[%emt 0:00:27]} 23. Re1 {[%emt 0:08:16]} Ra8 {[%emt 0:03:14]} 24. f3 {[%emt 0:02:50]} f5 {[%emt 0:02:37]} 25. Qd3 {[%emt 0:03:38]} Kh8 {[%emt 0:00:35]} 26. Rad1 {[%emt 0:01:14]} a4 {[%emt 0:01:31]} 27. Qc2 {[%emt 0:03:04]} axb3 {[%emt 0:01:02]} 28. axb3 {[%emt 0:00:02]} Ra3 {[%emt 0:10:12]} 29. exf5 {[%emt 0:02:39]} gxf5 {[%emt 0:00:08]} 30. Nf1 {[%emt 0:00:15]} f4 {[%emt 0:09:22]} 31. Bf2 {[%emt 0:02:06]} d5 {[%emt 0:01:36]} 32. Nd2 {[%emt 0:03:10]} Rg8 {[%emt 0:00:07]} 33. Kh2 {[%emt 0:01:44]} Bf6 {[%emt 0:02:57]} 34. Re2 {[%emt 0:04:36]} e4 {[%emt 0:01:13]} 35. cxd5 {[%emt 0:03:36]} exf3 {[%emt 0:01:19]} 36. Nxf3 {[%emt 0:01:27]} Bxd5 {[%emt 0:00:04]} 37. Bd4 {[%emt 0:00:27]} Bxd4 {[%emt 0:01:07]} 38. Nxd4 {[%emt 0:00:02]} f3 {[%emt 0:00:51]} 39. gxf3 {[%emt 0:02:57]} Qb8+ {[%emt 0:00:32]} 40. Kh1 {[%emt 0:00:31]} Qg3 {[%emt 0:00:22]} 41. Rg2 {[%emt 0:31:11]} Qxh3+ {[%emt 0:03:46]} 42. Kg1 {[%emt 0:00:00]} Raa8 {[%emt 0:05:37]} 43. Rdd2 {[%emt 0:00:00]} Ra1+ {[%emt 0:00:25]} 0-1

[Event "ESP chT Honor Division 2019"]
[Site "Melilla"]
[Date "2019.10.02"]
[Round "3.7"]
[White "Kuzubov, Yuriy"]
[Black "Bacrot, Etienne"]
[Result "1/2-1/2"]
[WhiteElo "2636"]
[BlackElo "2671"]
[Annotator "ChessBase"]
[PlyCount "63"]
[EventDate "2019.09.30"]
[EventType "team-tourn"]
[EventCountry "ESP"]
[SourceTitle "playchess.com"]
[Source "ChessBase"]
[SourceQuality "1"]
[TimeControl "40/5400+30:1800+30"]

1. d4 {[%emt 0:00:00]} Nf6 {[%emt 0:04:02]} 2. c4 {[%emt 0:00:00]} g6 {[%emt 0:00:05]} 3. Nf3 {[%emt 0:01:03]} Bg7 {[%emt 0:00:08]} 4. g3 {[%emt 0:00:04]} c6 {[%emt 0:01:58]} 5. Bg2 {[%emt 0:00:25]} d5 {[%emt 0:00:45]} 6. Qb3 {[%emt 0:04:41]} O-O {[%emt 0:01:03]} 7. O-O {[%emt 0:00:06]} Qb6 {[%emt 0:00:13]} 8. Rd1 {[%emt 0:02:19]} Bf5 {[%emt 0:03:36]} 9. Na3 {[%emt 0:31:16]} Nbd7 {[%emt 0:23:47]} 10. Bf4 {[%emt 0:12:29]} Qxb3 {[%emt 0:14:19]} 11. axb3 {[%emt 0:02:41]} h6 {[%emt 0:00:06]} 12. h4 {[%emt 0:11:06]} a6 {[%emt 0:01:29]} 13. Rac1 {[%emt 0:01:10]} Rac8 {[%emt 0:04:31]} 14. Ne5 {[%emt 0:06:59]} Be6 {[%emt 0:04:16]} 15. Bf3 {[%emt 0:04:20]} Rfd8 {[%emt 0:02:15]} 16. Nb1 {[%emt 0:08:49]} Nxe5 {[%emt 0:04:55]} 17. Bxe5 {[%emt 0:02:19]} Ne8 {[%emt 0:04:22]} 18. Bxg7 {[%emt 0:00:41]} Kxg7 {[%emt 0:01:26]} 19. e3 {[%emt 0:01:30]} g5 {[%emt 0:03:49]} 20. hxg5 {[%emt 0:02:05]} hxg5 {[%emt 0:00:02]} 21. cxd5 {[%emt 0:00:06]} Bxd5 {[%emt 0:03:37]} 22. Nd2 {[%emt 0:00:45]} Bxf3 {[%emt 0:02:01]} 23. Nxf3 {[%emt 0:00:04]} f6 {[%emt 0:01:28]} 24. Nd2 {[%emt 0:02:27]} Rd5 {[%emt 0:03:54]} 25. Ne4 {[%emt 0:01:03]} Rb5 {[%emt 0:00:36]} 26. Rd3 {[%emt 0:01:28]} Nc7 {[%emt 0:03:42]} 27. Kf1 {[%emt 0:00:33]} Nd5 {[%emt 0:01:20]} 28. Ke2 {[%emt 0:00:35]} Nb4 {[%emt 0:01:41]} 29. Rdd1 {[%emt 0:00:15]} Nd5 {[%emt 0:00:18]} 30. Rd3 {[%emt 0:00:20]} Nb4 {[%emt 0:03:39]} 31. Rdd1 {[%emt 0:00:03]} Nd5 {[%emt 0:00:09]} 32. Rd3 {[%emt 0:00:31]} 1/2-1/2

[Event "ESP chT Honor Division 2019"]
[Site "Melilla"]
[Date "2019.10.02"]
[Round "3.8"]
[White "Naiditsch, Arkadij"]
[Black "Baklan, Vladimir"]
[Result "1-0"]
[WhiteElo "2643"]
[BlackElo "2592"]
[Annotator "ChessBase"]
[PlyCount "103"]
[EventDate "2019.09.30"]
[EventType "team-tourn"]
[EventCountry "ESP"]
[SourceTitle "playchess.com"]
[Source "ChessBase"]
[SourceQuality "1"]
[TimeControl "40/5400+30:1800+30"]

1. Nf3 {[%emt 0:00:00]} Nf6 {[%emt 0:00:00]} 2. g3 {[%emt 0:00:00]} b6 {[%emt 0:02:39]} 3. Bg2 {[%emt 0:00:15]} Bb7 {[%emt 0:00:04]} 4. O-O {[%emt 0:00:37]} g6 {[%emt 0:02:00]} 5. d4 {[%emt 0:01:40]} Bg7 {[%emt 0:01:56]} 6. c4 {[%emt 0:00:08]} O-O {[%emt 0:00:04]} 7. Qc2 {[%emt 0:02:45]} Ne4 {[%emt 0:10:01]} 8. Rd1 {[%emt 0:08:07]} Qc8 {[%emt 0:08:37]} 9. d5 {[%emt 0:05:50]} f5 {[%emt 0:00:07]} 10. Nbd2 {[%emt 0:00:42]} Nd6 {[%emt 0:03:12]} 11. Nf1 {[%emt 0:08:27]} e5 {[%emt 0:02:43]} 12. b3 {[%emt 0:13:45]} e4 {[%emt 0:15:01]} 13. Nd4 {[%emt 0:00:21]} c5 {[%emt 0:00:03]} 14. dxc6 {[%emt 0:08:23]} dxc6 {[%emt 0:00:45]} 15. c5 {[%emt 0:01:34]} Nf7 {[%emt 0:06:28]} 16. Bb2 {[%emt 0:11:25]} Na6 {[%emt 0:02:15]} 17. Ne3 {[%emt 0:03:21]} Qe8 {[%emt 0:19:17]} 18. Ndxf5 {[%emt 0:14:44]} Bxb2 {[%emt 0:00:55]} 19. Qxb2 {[%emt 0:01:30]} gxf5 {[%emt 0:00:25]} 20. Nxf5 {[%emt 0:00:18]} Qe5 {[%emt 0:00:20]} 21. Qxe5 {[%emt 0:00:11]} Nxe5 {[%emt 0:00:07]} 22. Nd6 {[%emt 0:00:10]} Nxc5 {[%emt 0:07:40]} 23. b4 {[%emt 0:00:07]} Ba6 {[%emt 0:00:02]} 24. bxc5 {[%emt 0:00:19]} Bxe2 {[%emt 0:00:04]} 25. Rdc1 {[%emt 0:01:33]} Nf3+ {[%emt 0:02:15]} 26. Kh1 {[%emt 0:01:46]} Bd3 {[%emt 0:00:19]} 27. cxb6 {[%emt 0:02:32]} axb6 {[%emt 0:00:04]} 28. Rxc6 {[%emt 0:00:07]} b5 {[%emt 0:03:12]} 29. Rb6 {[%emt 0:07:56]} Rf6 {[%emt 0:07:21]} 30. Nc4 {[%emt 0:00:23]} Raf8 {[%emt 0:00:55]} 31. Rxf6 {[%emt 0:00:19]} Rxf6 {[%emt 0:00:04]} 32. Ne3 {[%emt 0:00:31]} Nd4 {[%emt 0:02:15]} 33. Ng4 {[%emt 0:00:19]} Rf8 {[%emt 0:00:08]} 34. Rd1 {[%emt 0:01:00]} Nc6 {[%emt 0:02:01]} 35. Rxd3 {[%emt 0:03:49]} exd3 {[%emt 0:00:06]} 36. Bxc6 {[%emt 0:00:04]} d2 {[%emt 0:00:45]} 37. Ne3 {[%emt 0:02:00]} Rxf2 {[%emt 0:02:12]} 38. Bxb5 {[%emt 0:00:06]} Kg7 {[%emt 0:00:17]} 39. Bc4 {[%emt 0:00:22]} Rf3 {[%emt 0:01:07]} 40. Nd1 {[%emt 0:00:12]} Kf6 {[%emt 0:00:22]} 41. Kg2 {[%emt 0:30:31]} Rf5 {[%emt 0:30:04]} 42. Bb3 {[%emt 0:00:00]} Re5 {[%emt 0:00:00]} 43. Kf2 {[%emt 0:00:00]} Re1 {[%emt 0:00:00]} 44. Ne3 {[%emt 0:00:00]} h6 {[%emt 0:00:00]} 45. h4 {[%emt 0:00:00]} Kg6 {[%emt 0:00:00]} 46. Kf3 {[%emt 0:00:00]} Kf6 {[%emt 0:00:00]} 47. Kf4 {[%emt 0:00:00]} Rh1 {[%emt 0:00:00]} 48. Bd1 {[%emt 0:00:00]} Re1 {[%emt 0:00:00]} 49. a4 {[%emt 0:00:00]} Ke6 {[%emt 0:00:00]} 50. Ke4 {[%emt 0:00:00]} Rg1 {[%emt 0:00:00]} 51. g4 {[%emt 0:00:00]} Rh1 {[%emt 0:00:00]} 52. h5 {[%emt 0:00:00]} 1-0

[Event "ESP chT Honor Division 2019"]
[Site "Melilla"]
[Date "2019.10.02"]
[Round "3.9"]
[White "Forcen Esteban, Daniel"]
[Black "Paehtz, Elisabeth"]
[Result "1-0"]
[WhiteElo "2568"]
[BlackElo "2489"]
[Annotator "TA"]
[PlyCount "51"]
[EventDate "2019.09.30"]
[EventType "team-tourn"]
[EventCountry "ESP"]
[SourceTitle "playchess.com"]
[Source "ChessBase"]
[SourceQuality "1"]

{[%evp 11,63,4,6,7,66,62,63,71,72,74,72,87,76,0,0,-24,0,0,3,7,78,44,29,36,39,42,277,0,0,0,0,0,64,66,70,76,77,64,598,597,591,447,408,343,343,343,336,341,385,359,516,508,499,496]} 1. c4 e6 2. Nf3 d5 3. e3 Nf6 4. b3 c6 5. Bb2 Nbd7 6. Nc3 Bd6 7. Qc2 {A11: English Opening: 1...c6} b6 (7... O-O $11) (7... a6 8. d4 O-O 9. Bd3 e5 10. cxd5 cxd5 11. dxe5 Nxe5 12. Nxe5 Bxe5 13. Ne2 Qd6 14. Bxe5 Qxe5 15. Qc3 Qd6 16. f3 Bd7 17. Kf2 {1-0 (34) Wei,Y (2734)-Wang,H (2710) Tianjin 2018}) 8. cxd5 $14 exd5 {[#]} 9. Nxd5 $1 {[%mdl 576] Discovered Attack. White is slightly better.} cxd5 10. Qc6 $1 {[%csl LRa8,LRd6][%mdl 64] Double Attack} Qc7 11. Qxa8 {Hoping for Rc1.} O-O {[#]} 12. Rc1 (12. Nd4 $1 $16 Bb7 13. Qxa7) 12... Nc5 $1 $11 13. d4 $146 ({Predecessor:} 13. b4 Bd7 14. Qxf8+ Kxf8 {0-1 (40) Heberla,B (2561)-Habu,Y (2404) Krakow 2013}) 13... Bf5 14. Qxf8+ $1 Bxf8 15. Be2 Be4 (15... Nfe4 $11 {keeps the balance.}) 16. O-O Ng4 {...Bxf3 is the strong threat.} 17. g3 Qd6 {Strongly threatening ...Nd3.} 18. dxc5 Qh6 $2 {[#]} (18... bxc5 $14 19. Rfe1 Qh6) 19. h4 $2 ({White must play} 19. Nh4 $1 $18 Nxh2 20. Kxh2 bxc5 21. f4) 19... Nxe3 $1 20. Rfe1 {And now c6 would win.} bxc5 21. Ng5 $1 $36 {[%mdl 2048] White has the initiative.} ({Reject} 21. fxe3 Qxe3+ 22. Kg2 c4 $17) 21... Nc2 (21... Nf5 $1 $11) 22. Red1 $14 Nd4 23. Bxd4 cxd4 24. Rxd4 f6 $2 {[%mdl 8192]} ({Better is} 24... Qf6 $14 25. Rd2 g6) 25. Rxe4 fxg5 26. Rc8 {Played: Re4-e8} 1-0